ديوان نادرة زمانه وفريد عصره واوانه جرير بن عطية الخطف ;; diwan nadirat zamanih wafarid easrah wawanah jarir bn eatiat alkhatfi. / (Record no. 80060)
[ view plain ]
| 000 -LEADER | |
|---|---|
| fixed length control field | 00796nam a2200229 4500 |
| 001 - CONTROL NUMBER | |
| control field | 80060 |
| 003 - CONTROL NUMBER IDENTIFIER | |
| rucl marc code | BD-RjUL |
| 005 - DATE AND TIME OF LATEST TRANSACTION | |
| control field | 20220629143710.0 |
| 008 - FIXED-LENGTH DATA ELEMENTS--GENERAL INFORMATION | |
| fixed length control field | 220629s1313 ua ||||| |||| 00| 0 ara d |
| 035 ## - SYSTEM CONTROL NUMBER | |
| System control number | (BD-RjUL)80060 |
| 040 ## - CATALOGING SOURCE | |
| Original cataloging agency | BD-RjUL |
| Language of cataloging | eng |
| Transcribing agency | BD-RjUL |
| 041 ## - LANGUAGE CODE | |
| Language code of text/sound track or separate title | ara |
| 082 ## - DEWEY DECIMAL CLASSIFICATION NUMBER | |
| Edition number | 23 |
| Classification number | 892.71 |
| Author mark and year | IBD 1895 |
| 100 1# - MAIN ENTRY--PERSONAL NAME | |
| Personal name | [Ibn Attia Jarir] ابن عطية , جرير |
| 9 (RLIN) | 3947 |
| 245 10 - TITLE STATEMENT | |
| Title | ديوان نادرة زمانه وفريد عصره واوانه جرير بن عطية الخطف ;; diwan nadirat zamanih wafarid easrah wawanah jarir bn eatiat alkhatfi. / |
| Statement of responsibility, etc. | Jarir Bin Atti ;; جرير بن عطية |
| 260 ## - PUBLICATION, DISTRIBUTION, ETC. (IMPRINT) | |
| Place of publication, distribution, etc. | Misr : |
| 300 ## - PHYSICAL DESCRIPTION | |
| Pagination | v. ,; |
| Size | 19 cm |
| 505 ## - FORMATTED CONTENTS NOTE | |
| Formatted contents note | vol.1-2 |
| 650 ## - SUBJECT ADDED ENTRY--TOPICAL TERM | |
| Topical term or geographic name as entry element | الشعر والشعراء |
| 9 (RLIN) | 3948 |
| Topical term or geographic name as entry element | Poetry and Poets |
| 9 (RLIN) | 3949 |
| 942 ## - ADDED ENTRY ELEMENTS (KOHA) | |
| Source of classification or shelving scheme | Dewey Decimal Classification |
| Koha item type | Books |
| Lost status | Source of classification or shelving scheme | Damaged status | Not for loan | Collection code | Permanent Location | Current Location | Shelving location | Date acquired | Total Checkouts | Full call number | Date last seen | Copy number | Koha item type |
|---|---|---|---|---|---|---|---|---|---|---|---|---|---|
| Dewey Decimal Classification | Not For Loan | Non-fiction | Central Library, University of Rajshahi | Central Library, University of Rajshahi | Reading Room | 29/06/2022 | A 892.71 IBD 1895 | 29/06/2022 | C-1 | Books |